Регионална библиотека "Любен Каравелов" - Русе

Години без война (Запис номер 118563)

MARC детайли
000 -Лидер
Контролно поле с фиксирана дължина 01251nam a2200301 c 4500
003 - Код на организацията, давaща контролен номер
Контролно поле BLK
005 - Дата и час на последна редакция
Контролно поле 20180522132421.0
008 - Елементи от данни с фиксирана дължина
fixed length control field 180409b bul|||||r ||||||| ||bul||
010 ## - Наследен системен номер
LC control number KNG00124167000
040 ## - Източник на каталожния запис
Идентификатор на билиотеката - собственик на записа BLK
041 ## - Код за език
Код за езика на текст/звукозапис или на отделно заглавие Български
Код за езика КДБФ Български
080 ## - УДК
Текстов определител УДК Руска литература
УДК код - определител по УДК 821.161.1
УДК определител -31
УДК - код + определител 821.161.1-31
100 1# - Редна дума - Автор
Автор Ананиев, Анатолий Андреевич
Авторска отговорност първи автор
R(LIN) 315759
139 ## - Редно поле
Редна дума Ананиев, Анатолий Андреевич
Авторски знак Ан - А 64
245 10 - Сведения за заглавието
Заглавие Години без война
Подзаглавни данни Роман : Кн. 1 -
Редно поле (дума) Анатолий Андреевич Ананиев; прев. от рус. Нина Лавансон.
Том Кн. 1
257 ## - Страна на издаване
Страна на създаване/издаване СССР
260 ## - Област на издателските данни
-- София
Име на издателя, разпространителя и проч. Нар. култура
Година на издаване 1978 -
300 ## - Физическа характеристика
Размери/Мащаб 17 см
380 ## - Жанр
Жанр Худож. лит.
500 ## - Общи забележки
Забележка Ориг. загл. Годы без войны.
700 1# - Други автори (авторска отговорност)
Лично име Лавансон, Нина
Автороска отговорност (Описва отношението между автора и произведението) прев. от рус.
9 (RLIN) 86934
760 1# - Описание на основната серия
Редна дума на основното описание Ананиев, Анатолий Андреевич
Място на издаване, издател и година 1978
Страници - том 427 с.
Заглавие Кн. 1
852 ## - Местоположение
Форматна сигнатура Цб І 16517
856 4# - Електронен адрес и достъп
Електронен формат pdf - файл
Път до файла /url/
856 4# - Електронен адрес и достъп
Електронен формат pdf - файл
Път до файла /url/
942 ## - АРТИКУЛИ
Вид на библиотечния материал Книги
Скрит в OPAC Не
Koha issues (borrowed), all copies 1
944 ## - СЪЗДАВАНЕ И РЕДАКЦИЯ на ЗАПИСА
Създаване/Редакция Създаване
Дата на регистрацията/редакция 06.07.2011
Статус, дата на статуса 06.07.2011 - от С1,Р / 06.07.2011
Служител, извършил регистрацията/редакцията Виолета_Тройчева
944 ## - СЪЗДАВАНЕ И РЕДАКЦИЯ на ЗАПИСА
Създаване/Редакция Редакция
Дата на регистрацията/редакция 06.07.2011
Статус, дата на статуса 06.07.2011 - от С1,Р / 06.07.2011
Служител, извършил регистрацията/редакцията
999 ## - СИСТЕМНИ КОНТРОЛНИ НОМЕРА
Koha biblionumber 118563
Koha biblioitemnumber 118563
Наличности
Код за отписване Код за изгубен артикул Източник на класификационната схема Код за повреда Коз за рестрикции Код за отдаване Артикулен № Име на библиотеката - собственик Име на библиотеката, в която се намира в момента Статус (Текущо местоположение) Дата на вписване в системата Местоположение - отдел Цена в лева Инвентарен номер Систематично азбучна сигнатура Баркод Номер на екземпляра Цена в евро Служебна бележка Служебен тип на артикула
  Не е изгубен Universal Decimal Classification Не е повреден само за читалня ползва се в читалня 191126 Регионална библиотека "Любен Каравелов" Русе Регионална библиотека "Любен Каравелов" Русе Хранилище 1978-01-01 Хранилище 1.13 262609 Цб І 16517 120000262609 1 0.58 Дост: Dp Вид: Д N: стар фонд Дата: 01.01.1978 Книги
Изтеглен Не е изгубен Universal Decimal Classification Не е повреден без рестрикции заемане за дома 191127 Регионална библиотека "Любен Каравелов" Русе Регионална библиотека "Любен Каравелов" Русе Заемна - подръчен фонд 1978-01-01 Заемна - подръчен фонд 1.13 262945 П 882-31/А 64 262945 2 0.58 Дост: Pk Вид: Ф N: стар фонд Дата: 01.01.1978 Дата инв: 14.03.2018 Бележки инв: 1200008043 Книги
Изтеглен Не е изгубен Universal Decimal Classification Не е повреден без рестрикции заемане за дома 191128 Регионална библиотека "Любен Каравелов" Русе Регионална библиотека "Любен Каравелов" Русе Количка 1978-01-01 Заемна - подръчен фонд 1.13 262946 П 882-31/А 64 120000262946 3 0.58 Дост: Pk Вид: Ф N: стар фонд Дата: 01.01.1978 Дата инв: 09.02.2018 Бележки инв: П2018 Книги
Vip Innovations Ltd, Rousse, Bulgaria 2025